000 00635cam a2200205 a 4500
001 3052248
005 20250828150357.0
008 960412s1996 nyu b 001 0 eng
020 _a0826193609
020 _a9780826193605
050 0 0 _aBF724.55.A35
_bW55 1996
082 0 0 _a305.26
_221
100 1 _aWhitbourne, Susan Krauss.
245 1 4 _aThe aging individual :
_bphysical and psychological perspectives /
_cSusan Krauss Whitbourne.
260 _aNew York :
_bSpringer Pub. Co.,
_cc1996.
300 _axi, 313 p. ;
_c24 cm.
650 0 _aAging
_xPsychological aspects.
650 0 _aOlder people
_xPsychology.
942 _2lcc
_cBK
_n0
999 _c7393
_d7393